Sports Quiz

Random Sports Quiz

Barcelona Players since 2000 Quiz Stats

 Plays Quiz not verified by Sporcle

Also try: Career Slam
Challenge
Share
Tweet
Embed
Score 0/162 Timer 16:00
0 Plays Today
Deb. Player % Correct
1998Xavi
95.9%
2004Lionel Messi
95.1%
1999Carlos Puyol
93.9%
2002Andrés Iniesta
93.9%
2014Luis Suárez
92.1%
2016Denis Suárez
92.1%
2013Neymar
89.8%
2002Victor Valdés
89.3%
2008Gerard Piqué
88.9%
2003Ronaldinho
88.8%
2004Samuel Eto'o
85.8%
2014Marc-André ter Stegen
85.4%
2012Jordi Alba
84.4%
2008Daniel Alves
83.9%
2008Sergio Busquets
83.1%
2008Pedro
82.6%
2010David Villa
81.9%
2007Thierry Henry
81.1%
2010Javier Mascherano
80.6%
2009Zlatan Ibrahimovic
80%
2007Èric Abidal
79.2%
2011Cesc Fabregas
78.7%
1997Rivaldo
78.2%
2014Ivan Rakitić
77.5%
2011Alexis Sánchez
76.2%
2014Claudio Bravo
76.2%
2010Sergi Roberto
73.3%
1998Patrick Kluivert
72.6%
2007Yaya Touré
70.6%
2007Bojan
69.4%
1995Luis Figo
68.9%
2004Deco
68.1%
1999Frank De Boer
67.1%
2003Rafael Márquez
67.1%
1999Ronald De Boer
67%
2008Seydou Keita
64.5%
2016Andre Gomes
64.1%
1998Phillip Cocu
63.4%
1990Josep Guardiola
63.2%
2000Marc Overmars
62.7%
2001Javier Saviola
62.3%
2016Samuel Umtiti
62.2%
1996Luis Enrique
62.1%
2003Giovanni van Bronckhorst
61.9%
2014Jérémy Mathieu
61.9%
2004Juliano Belletti
59.9%
2006Gianluca Zambrotta
59.4%
2016Paco Alcácer
59.4%
2016Arda Turan
59%
2004Henrik Larsson
58.3%
2004Ludovic Giuly
57.3%
2012Alex Song
56.2%
1997Michael Reiziger
55.8%
2009Maxwell
54.9%
Deb. Player % Correct
2010Adriano
54.6%
2016Aleix Vidal
54.3%
2007Gabriel Milito
54.1%
2008Pinto
53.6%
2005Mark van Bommel
53.5%
2003Oleguer
53.1%
2011Rafinha
52.7%
2006Lilian Thuram
51.7%
2010Marc Bartra
51.4%
2007Giovani Dos Santos
51.1%
2009Jonathan Dos Santos
50.7%
2004Sylvinho
50.5%
2012Cristian Tello
50.2%
2004Edgar Davids
49.3%
2000Gerard
48.5%
2006Eidur Gudjohnsen
47.7%
2011Ibrahim Afellay
47.3%
1999Dani
47.2%
2014Thomas Vermaelen
47%
2016Lucas Digne
47%
2000Emmanuel Petit
45.2%
2001Thiago Motta
44.6%
2004Edmilson
44.4%
2007Victor Sánchez
44.1%
2008Alexander Hleb
43.5%
2002David Sánchez
43.4%
2014Munir El Haddadi
43.2%
2016Jasper Cillessen
43.2%
1998Boudewijn Zenden
42.4%
1997Ruud Hesp
42.3%
2011Isaac Cuenca
41.6%
2012Gerard Deulofeu
41.6%
2005Maxi López
40.8%
2011Martin Montoya
39%
2002Juan Román Riquelme
38.3%
2003Luis García
37.9%
2002Gaizka Mendieta
37.9%
2001Roberto Bonano
37.6%
2009Jeffrén
37.4%
1998Winston Bogarde
36.7%
1999Gabri
35.9%
2003Sergio García
35.6%
2003Ricardo Quaresma
34.5%
2000Pepe Reina
34.1%
1998Simão
32.6%
2001Francesco Coco
32.3%
2003Rüstü Recber
32.1%
2001Phillipe Christanval
31.5%
2001Patrik Andersson
31.3%
2009Thiago Alcántara
31%
2001Fábio Rochemback
30.9%
2002Geovanni
30.1%
1993Sergi Barjuán
28.2%
2014Sandro
27%
Deb. Player % Correct
2010Sergi Gómez
26%
2000Richard Dutruel
25.1%
2014Sergi Samper
24.8%
2002Robert Enke
24%
1994Abelardo Fernandéz
23.8%
2014Douglas
23.8%
2014Jordi Masip
23.2%
2009Dmitro Chygrynskiy
22.9%
1999Jari Litmanen
22.7%
2000Ivan De La Peña
22.4%
2005Demetrio Albertini
21.8%
2005Sergio Rodríguez
21.4%
2009Marc Muniesa
21%
2008Martin Cáceres
20.8%
2004Albert Jorquera
20.7%
2005Santiago Ezquerro
20.7%
2013Adama Traoré
20.3%
2010Oriol Romeu
19%
2000Alfonso
18.7%
1999Frédéric Déhu
18.4%
2008Andreu Fontas
17.4%
2010Nolito
16.2%
2009Xavi Torres
16.1%
2004Rubén
15.9%
2003Juan Pablo Sorín
14.1%
2015Alen Halilović
13.7%
1996Francesc Arnau
13.1%
2001Fernando Navarro
11.2%
2013Jean Marie Dongou
11.1%
2015Gerard Gumbau
9.5%
2008Víctor Vázquez
9.3%
2001Samuel Okunowo
9%
2006Marc Crosas
9%
2009Oier Olazábal
6.6%
2010Gai Assulin
5.1%
2009Jonathan Soriano
4.8%
2003Mario
4.6%
2001Roberto Trashorras
4.4%
2015Wilfrid Kaptoum
4.1%
2015Juan Camara
3.8%
2003Damia Abella
3.6%
2008Fali Romero
3.4%
2000Sergio Santamaría
3%
2010Rubén Miño
2.9%
2014Edgar lé
2.9%
2012Carles Planas
2.5%
2013Patric
2.2%
2009Abraham
1.3%
2015Aitor
1.3%
2006Marc Valiente
1.2%
2008José Manuel Rueda
0.9%
2011Martí Riverola
0.6%
2001Jofre Mateu
0.5%
2005Francisco Martos
0.4%

You're not logged in!

Compare scores with friends on all Sporcle quizzes.
Join for Free
OR
Log In

You Might Also Like...

Show Comments

Extras

Created Jul 2, 2010ReportNominate
Tags:2000s, Barcelona, debut, player

Top Quizzes Today


Score Distribution

Your Account Isn't Verified!

In order to create a playlist on Sporcle, you need to verify the email address you used during registration. Go to your Sporcle Settings to finish the process.

Report this User

Report this user for behavior that violates our Community Guidelines.

Details: